Managerial Economics (Record no. 481084)

MARC details
000 -LEADER
fixed length control field 00945nam a2200277Ia 4500
008 - FIXED-LENGTH DATA ELEMENTS--GENERAL INFORMATION
fixed length control field 100315s9999 xx 000 0 und d
020 ## - INTERNATIONAL STANDARD BOOK NUMBER
International Standard Book Number 8120327314 
040 ## - CATALOGING SOURCE
Transcribing agency ENGLISH 
082 ## - DEWEY DECIMAL CLASSIFICATION NUMBER
Item number 6349 
Classification number 338.5 
100 ## - MAIN ENTRY--PERSONAL NAME
Personal name "MAHESHWARI, YOGESH "
245 ## - TITLE STATEMENT
Title Managerial Economics
250 ## - EDITION STATEMENT
Edition statement 2nd 
260 ## - PUBLICATION, DISTRIBUTION, ETC. (IMPRINT)
Place of publication, distribution, etc New Delhi 
Name of publisher, distributor, etc Prentice Hall of india  
Date of publication, distribution, etc 2007 
300 ## - PHYSICAL DESCRIPTION
Extent 284p. 
365 ## - TRADE PRICE
Price note Rupees 
Unit of pricing
Price amount 175.50 
366 ## - TRADE AVAILABILITY INFORMATION
Publishers' discount category 10 
505 ## - FORMATTED CONTENTS NOTE
Miscellaneous information Vinayak Gonjare 
520 ## - SUMMARY, ETC.
Summary, etc include index 
530 ## - ADDITIONAL PHYSICAL FORM AVAILABLE NOTE
Availability source Bharat Grahak(BG)-(ShreeGanesh)) 890/08-10-2007 
Additional physical form available note 890/08-10-2007 
536 ## - FUNDING INFORMATION NOTE
Text of note 01/04/2007-31/03/2008 
620 ## -
-- "Applied Mathematics,Demand Analysis, Elasticity of demand, Demand Forecasting,Production Analysis,Cost Analysis, Pricing, Linear Programming, Macroeconomics, "
630 ## - SUBJECT ADDED ENTRY--UNIFORM TITLE
Uniform title Managerial Economics
650 ## - SUBJECT ADDED ENTRY--TOPICAL TERM
Topical term or geographic name as entry element Managerial Economics 
730 ## - ADDED ENTRY--UNIFORM TITLE
Uniform title Managerial Economics
942 ## - ADDED ENTRY ELEMENTS (KOHA)
Koha item type Book
Holdings
Withdrawn status Lost status Damaged status Not for loan Home library Current library Date acquired Cost, normal purchase price Total Checkouts Full call number Barcode Date last seen Price effective from Koha item type
        Dr. V. N. Bedekar Institute of Management Studies Library Dr. V. N. Bedekar Institute of Management Studies Library 10/08/2007 195.00   338.5 /MAH  6349  VPMBRIMS-6349  03/19/2010 03/19/2010 Book